| 000 | 00595nmm a2200145Ia 4500 | ||
|---|---|---|---|
| 008 | 251105s9999||||xx |||||||||||||||||und|| | ||
| 041 | _aspa | ||
| 100 | _aPérez Arteaga, Miguel Ángel | ||
| 245 | 0 |
_aCreatividad: curiosidad, motivación y juego : _b Viaje a los procesos creativos de Mohammad Barrangi, Isidro Ferrer, Chris Haughton, Javier Mariscal, Manuel Marsol y Akinori Oishi |
|
| 264 |
_a[Madrid, España] : _bPrensas Universitarias de Zaragoza, _c2020 |
||
| 300 | _a161 páginas | ||
| 650 | _aArts in general | ||
| 856 | _uhttps://public.digitaliapublishing.com/a/68606 | ||
| 942 | _cCF | ||
| 999 |
_c106685 _d106685 |
||